000 00569nam a2200205Ia 4500
005 20250508165256.0
008 008 250505s9999 xx 000 0 eng d
020 _a978-81-316-0533-2
037 _aTextBook
040 _aFEDL
_beng
_cFEDL
041 _aeng
_2eng
084 _a301, GIR/R
_qFEDL
100 _aGiri Ananta Kumar
245 0 _aSociology and beyond: Windows and horizons
260 _aJaipur, India
_bRawat Publications
_c2012
300 _axxi, 442p.
365 _aINR
_b1295
942 _cTB
_h301, GIR/R
999 _c1394189
_d1394189